| 000 | 00391nam a2200145Ia 4500 | ||
|---|---|---|---|
| 008 | 230711s9999||||xx |||||||||||||| ||und|| | ||
| 041 | _aENG | ||
| 082 |
_a621.3 _bSA-E |
||
| 100 | _aSawhney,AK | ||
| 245 | 2 | _aA course in electrical and electronics measurement | |
| 250 | _a1st Ed. | ||
| 260 |
_c1999 _aNew Delhi _bDhanpat Rai & Co.(Pvt.)Ltd. |
||
| 650 | _aElectrical Engineering | ||
| 942 | _cBK | ||
| 999 |
_c3694 _d3694 |
||